La escuela del porvenir : segun angelo patri /

Guardado en:
Autor Principal: Llopis, Rodolfo
Formato: Libro
Publicado: España : La lectura, 1924
Materias:
Etiquetas: Agregar Etiqueta
Sin Etiquetas, Sea el primero en etiquetar este registro!
LEADER 00436nam a22001575a 4500
001 CEM.cems008603
005 20060214000000.0
008 130507s1924##################000#0#####d
003 CEMS
082 0 4 |a 370 
100 1 |a Llopis, Rodolfo 
245 1 0 |a La escuela del porvenir :  |b segun angelo patri / 
260 |a España :  |b La lectura,  |c 1924 
300 |a 171 p. 
653 |a Educacion 
859 |a CEMS  |b BIB. CEMS - 11 de abril  |h 370  |i LL772  |p 13063.84  |t Ej.1